Govt. of
Madhya Pradesh

सामान्‍य अध्‍ययन तृतीय प्रश्‍नपत्र नोट़स (Record no. 50575)

MARC details
000 -LEADER
fixed length control field 00453nam a22001337a 4500
003 - CONTROL NUMBER IDENTIFIER
control field macl
005 - DATE AND TIME OF LATEST TRANSACTION
control field 20151106114349.0
008 - FIXED-LENGTH DATA ELEMENTS--GENERAL INFORMATION
fixed length control field 151106b xxu||||| |||| 00| 0 eng d
040 ## - CATALOGING SOURCE
Transcribing agency macl
041 ## - LANGUAGE CODE
Language code of text/sound track or separate title Hindi
245 ## - TITLE STATEMENT
Title सामान्‍य अध्‍ययन तृतीय प्रश्‍नपत्र नोट़स
260 ## - PUBLICATION, DISTRIBUTION, ETC. (IMPRINT)
Place of publication, distribution, etc. इन्‍दौर
Name of publisher, distributor, etc. पुणेकर पब्लिकेशन्‍स
Date of publication, distribution, etc. 2015
942 ## - ADDED ENTRY ELEMENTS (KOHA)
Source of classification or shelving scheme
Koha item type Hindi Books

No items available.